| 000 | 01495nam a2200373 i 4500 | ||
|---|---|---|---|
| 001 | 000032982 | ||
| 003 | DO-SdBNP | ||
| 005 | 20260120102138.0 | ||
| 007 | ta | ||
| 008 | 110418s1966 dr 000 f spa d | ||
| 040 |
_aDO-SdBNP _bspa _cBNPHU _erda |
||
| 041 | _aspa | ||
| 082 | 4 |
_aRD863.3 _bG182e 1966 _222 |
|
| 100 | 1 |
_aGalván, Manuel de J., _q(Manuel de Jesús) _d1834-1910 _eautor _4aut. _928507 |
|
| 240 | 0 |
_aEnriquillo : leyenda histórica dominicana (1503-1538) _lEspañol |
|
| 245 | 1 | 0 |
_aEnriquillo : _bleyenda histórica dominicana / _cManuel de Jesús Galván ; carta y prólogo, José Martí. |
| 250 | _aSeptima edición en castellano | ||
| 264 | 1 |
_aSanto Domingo, República Dominicana : _bEditorial Librería Dominicana, _c1966. |
|
| 300 |
_a479,[2], páginas ; _c21 cm. |
||
| 336 |
_atexto _btxt _2rdacontent |
||
| 337 |
_asin mediación _bn _2rdamedia |
||
| 338 |
_avolumen _bnc _2rdacarrier |
||
| 500 | _aIncluye referencias bibliográficas y notas al pie de las páginas | ||
| 500 | _aLa primera parte de esta obra salió a la luz en 1879 | ||
| 500 | _aIncluye apéndice (472-479) | ||
| 590 | _aInventariado, 2019/VM | ||
| 600 | 1 | 4 |
_aEnriquillo _cCacique _d¿-1535 _914941 |
| 650 | 4 |
_aNovela histórica dominicana. _9860 |
|
| 650 | 4 |
_aLiteratura dominicana. _967 |
|
| 651 | 4 |
_aRepública Dominicana _xHisoria _y1503-1538 _928508 |
|
| 700 | 1 |
_aMartí, José, _d1853-1898 _eprologuista _4pr. _946189 |
|
| 910 | _aValidado. Control de calidad BNPHU | ||
| 942 |
_2ddc _cLBS1 |
||
| 999 |
_c32473 _d32473 |
||